000 01042cam a2200325 i 4500
001 2581
003 FISKH
005 20240103095025.0
008 761123s1977 maua j 000 1 eng
010 _a 76056153
020 _a0316139726
020 _a9780316140065
040 _aDLC
_cDLC
_dDLC
042 _alcac
050 0 0 _aPZ7.C458
_bDi
082 0 0 _a303
100 1 _aChristopher, Matt
_d1917-1997
245 1 4 _aThe diamond champs /
_cby Matt Christopher ; illustrated by Larry Johnson
250 _aFirst Paperback Edition
260 _aBoston :
_bLittle, Brown and Co,
_c1977
300 _a120 pages :
_billustrations ;
_c20 cm
505 _aR
520 _aAn aura of intrigue surrounds a baseball coach obsessed with the idea of turning a bunch of handpicked beginners into champions in one season.
521 8 _a760
_bLexile
521 8 _aR
_bRaz-Plus
650 1 _aBaseball
_xFiction.
700 1 _aJohnson, Larry
_d1949-
_eillustrator
906 _a7
_bcbc
_corignew
_d1
_eocip
_f19
_gy-gencatlg
942 _2ddc
_cBK
_n0
999 _c2581
_d2581